| 000 | 00421nam a2200181Ia 4500 | ||
|---|---|---|---|
| 001 | 16108 | ||
| 005 | 20260306170245.0 | ||
| 008 | 260306t2012||||xx |||||||||||||| ||und|| | ||
| 041 | _aESP | ||
| 082 |
_a346.6 _bT75 T. 2 |
||
| 100 |
_aTorres Vásquez, Aníbal _eAUT |
||
| 245 | 0 | _aTeoría general del contrato | |
| 260 | _c2012 | ||
| 300 |
_a _c24 cm. |
||
| 650 | _aGEN | ||
| 654 | _aCDE | ||
| 942 |
_cLIB _dJUS _fJUS _2ddc _n |
||
| 999 |
_c16108 _d16108 |
||